A giraffe can laugh / (Record no. 7741)

MARC details
000 -LEADER
fixed length control field 00877nam a22002537a 4500
001 - CONTROL NUMBER
control field 7741
003 - CONTROL NUMBER IDENTIFIER
control field FISKH
005 - DATE AND TIME OF LATEST TRANSACTION
control field 20250801153246.0
008 - FIXED-LENGTH DATA ELEMENTS--GENERAL INFORMATION
fixed length control field 250801b cb ||||| |||| 00| 0 eng d
020 ## - INTERNATIONAL STANDARD BOOK NUMBER
International Standard Book Number 9781404257627
040 ## - CATALOGING SOURCE
Original cataloging agency FISKH
Language of cataloging eng
Transcribing agency FISKH
Modifying agency FISKH
050 ## - LIBRARY OF CONGRESS CALL NUMBER
Classification number PZ10.W1295 .O366
082 ## - DEWEY DECIMAL CLASSIFICATION NUMBER
Classification number 567.9129
100 ## - MAIN ENTRY--PERSONAL NAME
Personal name O'Donnell , Kerri
245 ## - TITLE STATEMENT
Title A giraffe can laugh /
Statement of responsibility, etc. By Kerri O'Donnell
260 ## - PUBLICATION, DISTRIBUTION, ETC.
Place of publication, distribution, etc. New York :
Name of publisher, distributor, etc. Rosen Classroom Books & Materials ,
Date of publication, distribution, etc. 2007.
300 ## - PHYSICAL DESCRIPTION
Extent 8 pages :
Other physical details color illustrations ;
Dimensions 21 cm .
505 ## - FORMATTED CONTENTS NOTE
Formatted contents note AA <br/><br/><br/>
520 ## - SUMMARY, ETC.
Summary, etc. Featuring high-frequency words, pictures that are tightly correlated to the text, and a charming story, this leveled fiction reader will help emerging readers built early literacy skills.<br/>
521 8# - TARGET AUDIENCE NOTE
Target audience note 10 <br/>
Source Lexile <br/>
521 8# - TARGET AUDIENCE NOTE
Target audience note AA <br/>
Source Raz-Plus <br/>
942 ## - ADDED ENTRY ELEMENTS (KOHA)
Source of classification or shelving scheme Dewey Decimal Classification
Koha item type Books
Suppress in OPAC No
Holdings
Withdrawn status Lost status Source of classification or shelving scheme Damaged status Not for loan Collection Home library Current library Shelving location Date acquired Total Checkouts Full call number Barcode Date last seen Price effective from Koha item type
    Dewey Decimal Classification     Juvenile Fiction Footprints International School Library Network Toul Tom Poung Campus Footprints International School Library Network Toul Tom Poung Campus TTP Primary Green Bookshelves 08/01/2025   O'DO 567.9129 PZ10.W1295 .O366 FISTK02184 08/01/2025 08/01/2025 Books